El Area de libre comercio de las Américas: descripción, estado actual y perspectivas /
Furkejuvvon:
| Váldodahkki: | |
|---|---|
| Materiálatiipa: | Texto |
| Fáttát: | |
| Fáddágilkorat: |
Lasit fáddágilkoriid
Eai fáddágilkorat, Lasit vuosttaš fáddágilkora!
|
MARC
| LEADER | 00000 a a2200000 04500 | ||
|---|---|---|---|
| 001 | 7681 | ||
| 003 | |||
| 040 | |||
| 100 | |a Tomic Errázuriz, Esteban | ||
| 245 | |a El Area de libre comercio de las Américas: |b descripción, estado actual y perspectivas / |c Esteban Tomic Errázuriz | ||
| 650 | |a ALCA | ||
| 650 | |a NEGOCIACIONES COMERCIALES | ||
| 650 | |a EVALUACION | ||
| 773 | |g volumen 35, número 138; páginas 107-117 | ||
| 999 | |c 31667 |d 31667 | ||
